Robert Browning / (Record no. 5679)

MARC details
000 -LEADER
fixed length control field 00954nam a22002657a 4500
001 - CONTROL NUMBER
control field 5679
003 - CONTROL NUMBER IDENTIFIER
control field FISKH
005 - DATE AND TIME OF LATEST TRANSACTION
control field 20250113111842.0
008 - FIXED-LENGTH DATA ELEMENTS--GENERAL INFORMATION
fixed length control field 250113b cb ||||| |||| 00| 0 eng d
020 ## - INTERNATIONAL STANDARD BOOK NUMBER
International Standard Book Number 0439320186
040 ## - CATALOGING SOURCE
Original cataloging agency FISKH
Language of cataloging eng
Transcribing agency FISKH
Modifying agency FISKH
050 ## - LIBRARY OF CONGRESS CALL NUMBER
Classification number PR4203.G55
082 ## - DEWEY DECIMAL CLASSIFICATION NUMBER
Classification number 821.8
100 ## - MAIN ENTRY--PERSONAL NAME
Personal name Browning, Robert
245 ## - TITLE STATEMENT
Title Robert Browning /
Statement of responsibility, etc. by Robert Browning : Illustrated by Joel Spector : Edited by Eileen Gillooly
250 ## - EDITION STATEMENT
Edition statement First Scholastic printing, October 2001
260 ## - PUBLICATION, DISTRIBUTION, ETC.
Place of publication, distribution, etc. New York :
Name of publisher, distributor, etc. Scholastic ;
Date of publication, distribution, etc. 2001.
300 ## - PHYSICAL DESCRIPTION
Extent 48 pages :
Other physical details color illustrations ;
Dimensions 26 cm .
490 ## - SERIES STATEMENT
Series statement Poetry for young people
520 ## - SUMMARY, ETC.
Summary, etc. Presents selects of Robert Browning's poems, including "The Pied Piper of Hamlin", "My Last Duchess", "Old pictures in Florence", "Prospice", and others.
650 ## - SUBJECT ADDED ENTRY--TOPICAL TERM
Topical term or geographic name entry element Poetry for Young People
Form subdivision fiction
700 ## - ADDED ENTRY--PERSONAL NAME
Personal name Spector, Joel
Relator term illustrator
942 ## - ADDED ENTRY ELEMENTS (KOHA)
Source of classification or shelving scheme Dewey Decimal Classification
Koha item type Books
Suppress in OPAC No
Holdings
Withdrawn status Lost status Source of classification or shelving scheme Damaged status Not for loan Collection Home library Current library Shelving location Date acquired Total Checkouts Full call number Barcode Date last seen Price effective from Koha item type
    Dewey Decimal Classification     Fiction Footprints International School Library Network Toul Kork Campus Footprints International School Library Network Toul Kork Campus TTP Secondary Fiction Bookshelves 01/13/2025   BRO 821.8 PR4203.G55 FISSE01205 01/13/2025 01/13/2025 Books